Top 50 Cities in California by Population - Statistics

General Stats
  • This quiz has been taken 64 times
  • The average score is 32 of 50
Answer Stats
Rank Population County Answer % Correct
1 3,820,914 Los Angeles Los Angeles
100%
6 526,384 Sacramento Sacramento
100%
2 1,388,320 San Diego San Diego
100%
4 808,988 San Francisco San Francisco
100%
5 545,716 Fresno Fresno
98%
3 969,655 Santa Clara San Jose
98%
7 449,468 Los Angeles Long Beach
95%
9 413,381 Kern Bakersfield
93%
8 436,504 Alameda Oakland
93%
12 318,858 Riverside Riverside
93%
18 223,728 San Bernardino San Bernardino
93%
10 340,512 Orange Anaheim
86%
15 274,333 San Diego Chula Vista
81%
14 310,539 Orange Santa Ana
81%
46 131,062 Santa Clara Santa Clara
81%
11 319,543 San Joaquin Stockton
81%
13 314,621 Orange Irvine
79%
22 202,726 Ventura Oxnard
74%
19 218,915 Stanislaus Modesto
72%
29 170,020 San Diego Oceanside
70%
17 224,028 Los Angeles Santa Clarita
70%
16 226,208 Alameda Fremont
67%
23 192,129 Orange Huntington Beach
65%
44 138,337 Orange Orange
65%
25 182,457 San Bernardino Ontario
60%
45 133,560 Los Angeles Pasadena
58%
42 139,224 Los Angeles Torrance
58%
30 168,234 Orange Garden Grove
56%
27 175,845 Sonoma Santa Rosa
53%
36 155,675 Alameda Hayward
51%
33 160,238 Riverside Corona
49%
26 178,444 Sacramento Elk Grove
49%
20 215,465 San Bernardino Fontana
49%
21 212,392 Riverside Moreno Valley
49%
39 145,502 Los Angeles Pomona
49%
28 174,405 San Bernardino Rancho Cucamonga
49%
49 123,463 Ventura Thousand Oaks
49%
38 148,122 San Diego Escondido
47%
24 187,050 Los Angeles Glendale
47%
40 144,998 Tulare Visalia
47%
31 166,236 Los Angeles Lancaster
44%
34 159,506 Monterey Salinas
44%
50 122,807 Solano Vallejo
44%
41 139,250 Orange Fullerton
42%
35 159,135 Placer Roseville
42%
32 161,404 Los Angeles Palmdale
40%
48 125,113 Ventura Simi Valley
37%
37 151,967 Santa Clara Sunnyvale
37%
43 138,869 San Bernardino Victorville
35%
47 125,826 Fresno Clovis
26%
No matching quizzes found
Score Distribution
Percent of People with Each Score
Percentile by Number Answered
Your Score History
You have not taken this quiz